| 000 | 00943nam a2200229 a 4500 | ||
|---|---|---|---|
| 001 | 000551304 | ||
| 003 | AM-YEHGA | ||
| 005 | 20250617140035.0 | ||
| 008 | 070925s1975 ||| r 000 0 rus d | ||
| 040 | _aAM-YeHGA | ||
| 041 | 0 | _arus | |
| 100 | 1 | _aСергеев, Марк Давидович | |
| 245 | 1 | 0 |
_aПодвиг любви бескорыстной : _b(Декабристки). Рассказы, воспоминания / _cМарк Сергеев. |
| 260 |
_aМосква : _bМолодая гвардия, _c1975. |
||
| 300 |
_a205 стр. : _bилл. ; _c17 см. |
||
| 440 | 0 |
_aПионер - значит первый _p43 |
|
| 505 | 1 | _aЕкатерина Трубецкая, Мария Волконская, Александра Муравьева и др. | |
| 650 | 1 | 4 |
_aИстория _zРоссия |
| 653 | 0 | _aЖенщина в России (д. л.) | |
| 653 | 0 | _aДекабристы (д. л.) | |
| 090 | _c213652 | ||
| 999 |
_c212139 _d212139 |
||